000
00268nam a22001217a 4500
082
_a
425
_b
MET/I
100
_a
METCALFE, J. E
245
_a
IMPROVE YOUR ENGLISH
260
_a
UK
_b
ELIOT RIGHT WAY BOOKS
300
_a
188
650
_a
IMPROVE ENGLISH
_z
UK
942
_c
BK
999
_c
4120
_d
4120